Benson Boone - PULSE - Statistics

General Stats
  • This quiz has been taken 31 times
  • The average score is 5 of 5
Answer Stats
2023 PULSE % Correct
1 Coffee Cake
100%
5 Little Runaway
100%
2 Lovely Darling
96%
4 Sugar Sweet
91%
3 What Was
83%
No matching quizzes found
Score Distribution
Percent of People with Each Score
Percentile by Number Answered
Your Score History
You have not taken this quiz